000
00315nam a2200145Ia 4500
003
OSt
005
20240311110424.0
008
170524s9999 xx 000 0 und d
020
_a
-0706998979
040
_c
iimtu
100
_a
PANDEY- IM
245
0
_a
MANAGEMENT ACCOUNTING
260
_b
HIMALAYA
942
_2
ddc
_c
02
999
_c
8041
_d
8041